| 000 | 00773cam a2200289 4500 | ||
|---|---|---|---|
| 008 | 090401t1990 xxu||||| |||| 00| 0 eng d | ||
| 020 | _a0713465336 | ||
| 035 | _a(Sirsi) u15207 | ||
| 041 | _aeng | ||
| 050 | _a658.99 | ||
| 100 | _aNewcombe, Robert | ||
| 245 | _aConstruction management. 1: Organisation systems. | ||
| 260 |
_aLondon _bMitchell _c1990 |
||
| 300 | _aix,219p. ; 22cm. | ||
| 350 | _a0 | ||
| 490 | _aConstruction Technology and Management | ||
| 650 | _aBUILDING INDUSTRY | ||
| 650 | _aMANAGEMENT | ||
| 650 | _aORGANISATIONS | ||
| 650 | _aSYSTEMS MODELS | ||
| 690 | _aBUILT ENVIRONMENT | ||
| 700 | _aLangford, David | ||
| 700 | _aFellows, Richard | ||
| 710 |
_aChartered Institute of Building _92134 |
||
| 942 | _n0 | ||
| 948 | _c04/03/1997 | ||
| 999 |
_c87265 _d87265 |
||